BIBLIOTHÈQUE DE LA MAISON DU MEXIQUE

Logo 1 Logo 2

Compro, luego existo (notice nᵒ 284)

détails MARC
000 -Sello discográfico
campo de control de longitud fija 00929nam a2200313 4500
005 - Identificación de versión
campo de control 20251016082115.0
010 ## - Número Estándar Internacional de Libros (ISBN)
Número (ISBN) 968-39-0805-5
035 ## - Otros números de control del sistema
Número de control del sistema 19898
099 ## - fechas locales
Tipo de ítem Koha LIBRO
100 ## - Datos de procesamiento general
Datos de procesamiento general 19941104d19931992m y1spay5003 ba
105 ## - Campo de datos codificados: Material textual, monográfico
Datos codificados de monografía y 001zy
200 1# - Título y mención de responsabilidad
Título propio Compro, luego existo
Designación general del material texto impreso
Primer mención de responsabilidad Guadalupe Loaeza
205 ## - Declaración de edición
Declaración de edición 6a ed
210 ## - Publicación, distribución, etc.
Lugar de publicación, distribución, etc. México
Nombre del editor, distribuidor, etc. Alianza Editorial
Fecha de publicación, distribución, etc. 1992
215 ## - Descripción física
Designación de material específico y extensión del ítem 200 p
Dimensiones 21 cm
320 ## - Nota de índices/bibliografías internas
Texto de la nota Bibliografía: p.199-200
345 ## - Nota de información de adquisición
Fuente de adquisición/dirección de la suscripción [OBSOLETO] Donación
606 ## - Término temático usado como materia
Elemento de entrada Consumidores
Subdivisión temática Actitudes
Subdivisión geográfica México
Número Koha 892
606 ## - Término temático usado como materia
Elemento de entrada Consumismo (Economía política)
Subdivisión temática Relatos personales
Número Koha 893
660 ## - Código de área geográfica
Código MX
700 ## - Nombre personal - Responsabilidad primaria
Elemento de entrada Loaeza Tovar
Parte del nombre distinta del elemento de entrada Guadalupe
Fechas 1946-
Número Koha 894
801 #0 - Fuente de origen
Agencia cm
900 ## -
-- 1/10833
900 ## -
-- 71094357\\\041194
942 ## - ELEMENTOS DE ENTRADA SECUNDARIOS (KOHA)
Tipo de ítem Koha Livre
996 ## -
-- MEX
-- 751145101
-- MMAG
-- 004428
-- 863.4 L795C
-- 20210112LIV
Exemplaires
Estatus retirado Estado de daño Estado de pérdida Fecha de adquisición Biblioteca de origen Biblioteca actual Ubicación en estantería Código de barras Precio de reemplazo Signatura topográfica completa No para préstamo Tipo de ítem Koha Nota pública Nota no pública
      05/08/2025 Casa México Paris Casa México Paris   004428 05/08/2025 863.4 L795C   Livre 20210112LIV 751145101